[Event "Mittelfranken-chTB2b 1819"]
[Site "Mittelfranken"]
[Date "2019.01.27"]
[Round "4.7"]
[White "Zolanvar, Ferry"]
[Black "Seeberger, Christian"]
[Result "1-0"]
[WhiteElo "1822"]
[BlackElo "1585"]
[PlyCount "61"]
[EventDate "2018.10.14"]
[EventType "team-tourn"]
[EventRounds "9"]
[EventCountry "GER"]
[SourceTitle "EXT 2022"]
[Source "ChessBase"]
[SourceDate "2021.10.06"]
[SourceVersion "1"]
[SourceVersionDate "2021.10.06"]
[SourceQuality "1"]
[WhiteTeam "Erlangen SC IV"]
[BlackTeam "Grossenseebach"]
[WhiteTeamCountry "GER"]
[BlackTeamCountry "GER"]

1. e4 c5 2. Nf3 e6 3. d4 cxd4 4. Nxd4 Nf6 5. Nc3 a6 6. e5 Ng8 7. f4 Bb4 8. Bd3 Qb6 9. Be3 Nc6 10. Nf5 Qa5 11. Nxg7+ Kf8 12. Nh5 Bxc3+ 13. bxc3 Qxc3+ 14. Bd2 Qd4 15. Rb1 f5 16. exf6 Nxf6 17. Nxf6 Qxf6 18. 0-0 Qd4+ 19. Kh1 b5 20. Qe1 Rg8 21. Bxh7 Rxg2 22. Bc3 Qd5 23. Be4 Rxh2+ 24. Kxh2 Qh5+ 25. Kg3 Ne7 26. Bb4 Ke8 27. Rh1 Nf5+ 28. Kf2 Qg4 29. Rh8+ Kf7 30. Rf8+ Kg7 31. Qc3+ 1-0